LEADER 00826nam0 2200253 450 001 000020773 005 20090324175453.0 010 $a0521082943 100 $a20081219d1972----km-y0itay50------ba 101 0 $aeng 102 $aGB 105 $ay-------001yy 200 1 $aSome Cambridge controversies in the theory of capital$fG. C. Harcourt 210 $aCambridge$cCambridge university press$d1972 215 $aX, 272 p.$d22 cm 453 0$1001000020775 500 10$aSome Cambridge controversies in the theory of capital$924112 676 $a332.041$v19$9Capitale 700 1$aHarcourt,$bGeoffrey Colin$0246356 801 0$aIT$bUNIPARTHENOPE$c20081219$gRICA$2UNIMARC 912 $a000020773 951 $a030/8$b4263$cNAVA2 996 $aSome Cambridge controversies in the theory of capital$924112 997 $aUNIPARTHENOPE LEADER 01589nam0 22003251i 450 001 UON00456262 005 20231205105105.560 010 $a978-08-04-78224-1 100 $a20150623d2013 |0itac50 ba 101 $aeng$aCHI 102 $aUS 105 $a|||| 1|||| 200 1 $aFrom frontier policy to foreign policy$ethe question of India and the transformation of geopolitics in Qing China$fMatthew W. Mosca 210 $aStanford$cStanford University Press$d2013 215 $aviii, 398 p.$d24 cm 606 $aCina$xStoria$xDinastia Qing (1644-1911)$3UONC002489$2FI 606 $aGEOPOLITICA$xCINA$xSTORIA$3UONC088656$2FI 606 $aIndia$xStoria$xOccupazione britannica$x1765-1947$3UONC085930$2FI 606 $aRELAZIONI INTERNAZIONALI$xCINA-GRAN BRETAGNA$3UONC088655$2FI 620 $aUS$dStanford (CA)$3UONL000066 686 $aCIN IV A$cCINA - STORIA ANTICA FINO GUERRA dell'OPPIO (1839) ESCLUSO$2A 700 1$aMOSCA$bMatthew W.$3UONV229835$0766395 712 $aStanford University Press$3UONV246208$4650 801 $aIT$bSOL$c20250801$gRICA 899 $aSIBA - SISTEMA BIBLIOTECARIO DI ATENEO$2UONSI 912 $aUON00456262 950 $aSIBA - SISTEMA BIBLIOTECARIO DI ATENEO$dSI CIN IV A 522 N $eSI 15903 7 522 N 951 $aSIBA - SISTEMA BIBLIOTECARIO DI ATENEO$bSI2015864 1J 20150623 996 $aFrom frontier policy to foreign policy$91559192 997 $aUNIOR